| 000 | 01202nam a2200265 u 4500 | ||
|---|---|---|---|
| 001 | 000048856 | ||
| 005 | 20201002061448.0 | ||
| 008 | 100813s2016 dr a 000 0 spa d | ||
| 020 | _a9789945598070 | ||
| 040 |
_aDO-SdBNP _bspa _cBNPHU |
||
| 082 |
_a956.102 _bM637no |
||
| 245 | 0 | 0 |
_a1915. El año más largo del Imperio Otomano : _bel resurgir de una potencia / _ceditores Öznur Seckin, Luis González. |
| 246 | 0 | 0 | _aMil novecientos quince. El año más largo del Imperio Otomano : el resurgir de una potencia |
| 260 |
_aSanto Domingo : _bArgos, _c2016. |
||
| 300 |
_a286 p. : _bretrs. ; _c23 cm. |
||
| 500 | _aIncluye datos biográficos de los editores en las solapas | ||
| 500 | _aIncluye referencias bibliográficas y notas al pie de las páginas | ||
| 504 | _aBibliografía : p. 271-283 | ||
| 590 | _aInventariado, 2019/YL | ||
| 650 | 4 |
_aGuerra mundial i, 1914-1918 _xCampañas _zTurquía _vCONGRESOS, CONFERENCIAS, ETC. _943115 |
|
| 651 | 4 |
_aImpério Otomano _xHistoria _vCONGRESOS, CONFERENCIAS, ETC. _943116 |
|
| 651 | 4 |
_aTurquía _xHistoria _yIMPERIO OTOMANO, 1288-1918 _vCONGRESOS, CONFERENCIAS, ETC. _943117 |
|
| 700 | 1 | 2 |
_aSeckin, Öznur _eed. _976303 |
| 700 | 1 | 2 |
_aGonzález, Luis _eed. _933604 |
| 999 |
_c48344 _d48344 |
||